Disneyland Resort Rides - Statistics

General Stats
  • This quiz has been taken 371 times
  • The average score is 35 of 55
Answer Stats
Park Land Answer % Correct
Disneyland Park Bayou Country Tiana's Bayou Adventure
92%
Disneyland Park New Orleans Square Pirates of the Caribbean
91%
Disneyland Park Tomorrowland Space Mountain
90%
Disneyland Park New Orleans Square The Haunted Mansion
88%
Disneyland Park Frontierland Big Thunder Mountain Railroad
85%
Disneyland Park Fantasyland Peter Pan's Flight
85%
Disneyland Park Adventureland Jungle Cruise
84%
Disneyland Park Adventureland Indiana Jones Adventure: Temple of the Forbidden Eye
83%
Disneyland Park Star Wars: Galaxy's Edge Star Wars: Rise of the Resistance
83%
Disney California Adventure Pixar Pier Incredicoaster
82%
Disneyland Park Tomorrowland Buzz Lightyear Astro Blasters
81%
Disney California Adventure Avengers Campus Guardians of the Galaxy - Mission: BREAKOUT!
81%
Disneyland Park Fantasyland Snow White's Enchanted Wish
80%
Disneyland Park Bayou Country The Many Adventures of Winnie the Pooh
80%
Disneyland Park Fantasyland Matterhorn Bobsleds
77%
Disneyland Park Fantasyland Mr. Toad's Wild Ride
77%
Disneyland Park Star Wars: Galaxy's Edge Millennium Falcon: Smugglers Run
75%
Disneyland Park Tomorrowland Star Tours - The Adventures Continue
75%
Disney California Adventure Avengers Campus Web Slingers: A Spider-Man Adventure
75%
Disneyland Park Fantasyland Dumbo the Flying Elephant
73%
Disneyland Park Fantasyland "it's a small world"
73%
Disneyland Park Fantasyland Alice in Wonderland
71%
Disneyland Park Tomorrowland Autopia
70%
Disneyland Park Mickey's Toontown Roger Rabbit's Car Toon Spin
70%
Disney California Adventure Grizzly Peak Soarin' Around the World
70%
Disneyland Park Main Street, U.S.A. Disneyland Railroad - Main Street, U.S.A. Station
66%
Disneyland Park Mickey's Toontown Disneyland Railroad - Mickey's Toontown Station
66%
Disneyland Park New Orleans Square Disneyland Railroad - New Orleans Square Station
66%
Disneyland Park Tomorrowland Disneyland Railroad - Tomorrowland Station
66%
Disney California Adventure Cars Land Radiator Springs Racers
66%
Disneyland Park Mickey's Toontown Mickey & Minnie's Runaway Railway
65%
Disney California Adventure Pixar Pier Toy Story Midway Mania!
65%
Disneyland Park Fantasyland Pinocchio's Daring Journey
64%
Disneyland Park Tomorrowland Finding Nemo Submarine Voyage
62%
Disney California Adventure Paradise Gardens Park The Little Mermaid: Ariel's Undersea Adventure
59%
Disneyland Park Mickey's Toontown Chip 'n' Dale's GADGETcoaster
58%
Disney California Adventure Grizzly Peak Grizzly River Run
57%
Disneyland Park Frontierland Mark Twain Riverboat
57%
Disney California Adventure Paradise Gardens Park Goofy's Sky School
56%
Disney California Adventure Hollywood Land Monsters, Inc. Mike & Sulley to the Rescue!
56%
Disneyland Park Fantasyland Mad Tea Party
54%
Disneyland Park Fantasyland Casey Jr. Circus Train
53%
Disneyland Park Tomorrowland Astro Orbiter
52%
Disney California Adventure Pixar Pier Inside Out Emotional Whirlwind
52%
Disneyland Park Fantasyland Storybook Land Canal Boats
45%
Disneyland Park Tomorrowland Disneyland Monorail
42%
Disney California Adventure Cars Land Mater's Junkyard Jamboree
42%
Disneyland Park Fantasyland King Arthur Carrousel
39%
Disneyland Park Frontierland Sailing Ship Columbia
39%
Disney California Adventure Paradise Gardens Park Golden Zephyr
37%
Disney California Adventure Paradise Gardens Park Jumpin' Jellyfish
36%
Disney California Adventure Pixar Pier Pixar Pal-A-Round
33%
Disney California Adventure Paradise Gardens Park Silly Symphony Swings
33%
Disney California Adventure Pixar Pier Jessie's Critter Carousel
31%
Disney California Adventure Cars Land Luigi's Rollickin' Roadsters
31%
No matching quizzes found
Score Distribution
Percent of People with Each Score
Percentile by Number Answered
Your Score History
You have not taken this quiz